Financial statements of departments /

Saved in:
Bibliographic Details
Corporate Author: Australia. Dept. of Finance
Other Authors: Beazley, Kim C. (Kim Christian), 1948-
Format: Book
Language:English
Published: [Canberra : Department of Finance, 1995?]
Subjects:
LEADER 01176nam a2200277 a 4500
001 c000387176
003 CARM
005 00000000000000.0
008 950411s1995 aca f000 0 eng d
019 1 |a 11540360  |5 LACONCORD2021 
035 |a (OCoLC)38375047  |5 LACONCORD2021 
040 |a ADEET  |c ADEET 
043 |a u-at--- 
082 0 4 |a 354.94007231  |2 20 
245 0 0 |a Financial statements of departments /  |c Department of Finance. 
260 |a [Canberra :  |b Department of Finance,  |c 1995?] 
300 |a 2 v. ;  |c 30 cm. 
505 0 |a Guidelines issued by the honourable Kim C. Beazley, Minister for Finance for reporting periods ending on or after 30 June 1995 --Readers' guide, March 1995. 
500 |a Cover title. 
650 0 |a Finance, Public  |z Australia  |x Accounting. 
650 0 |a Finance, Public  |z Australia  |x Handbooks, manuals, etc. 
700 1 |a Beazley, Kim C.  |q (Kim Christian),  |d 1948- 
710 1 |a Australia.  |b Dept. of Finance 
852 8 |b CARM  |h A3:AI20D0  |i F07821  |p 0477221  |f BK 
999 f f |i 9d9c9d51-403d-53d2-a80b-24ecd0e698d9  |s 88ecc92c-841d-5f26-b2f5-eb5a3f331257 
952 f f |p Can circulate  |a CAVAL  |b CAVAL  |c CAVAL  |d CARM 1 Store  |e F07821  |f A3:AI20D0  |h Other scheme  |i book  |m 0477221